যখন ছোট ছিলাম : (Record no. 71305)
[ view plain ]
| 000 -LEADER | |
|---|---|
| fixed length control field | 00938nam a2200229 a 4500 |
| 001 - CONTROL NUMBER | |
| control field | 71305 |
| 003 - CONTROL NUMBER IDENTIFIER | |
| rucl marc code | BD-RjUL |
| 005 - DATE AND TIME OF LATEST TRANSACTION | |
| control field | 20211209082111.0 |
| 008 - FIXED-LENGTH DATA ELEMENTS--GENERAL INFORMATION | |
| fixed length control field | 170502s1998 bg |||| |||| 00| |aben d |
| 020 ## - INTERNATIONAL STANDARD BOOK NUMBER | |
| Terms of availability | : Tk. 100.00 |
| 035 ## - SYSTEM CONTROL NUMBER | |
| System control number | (BD-RjUL)71521 |
| 040 ## - CATALOGING SOURCE | |
| Original cataloging agency | BD-RjUL |
| Language of cataloging | ben |
| Transcribing agency | BD-RjUL |
| 041 ## - LANGUAGE CODE | |
| Language code of text/sound track or separate title | ben |
| 082 ## - DEWEY DECIMAL CLASSIFICATION NUMBER | |
| Edition number | 23 |
| Classification number | 891.440922 |
| Author mark and year | CHJ 1998 |
| 100 1# - MAIN ENTRY--PERSONAL NAME | |
| Personal name | চৌধুরী, শৈলেশ কুমার |
| 9 (RLIN) | 210984 |
| 245 10 - TITLE STATEMENT | |
| Title | যখন ছোট ছিলাম : |
| Remainder of title | আ্ত্মজৈবনীক স্মৃতিকথা / |
| Statement of responsibility, etc. | শৈলেশ কুমার চৌধুরী |
| 260 ## - PUBLICATION, DISTRIBUTION, ETC. (IMPRINT) | |
| Place of publication, distribution, etc. | ঢাকা : |
| Name of publisher, distributor, etc. | মুহাম্মদ মহসীন রেজা, |
| Date of publication, distribution, etc. | ১৯৯৮ |
| 300 ## - PHYSICAL DESCRIPTION | |
| Pagination | ১০৭ পৃ. ; |
| Size | ১৯ সেমি. |
| 600 ## - SUBJECT ADDED ENTRY--PERSONAL NAME | |
| Personal name | চৌধুরী, শৈলেশ কুমার |
| General subdivision | আত্মজীবনী |
| Personal name | Chowdhury, Shailesh Kumar |
| General subdivision | Autobiography |
| 942 ## - ADDED ENTRY ELEMENTS (KOHA) | |
| Source of classification or shelving scheme | Dewey Decimal Classification |
| Koha item type | Books |
| Lost status | Source of classification or shelving scheme | Damaged status | Not for loan | Collection code | Permanent Location | Current Location | Shelving location | Date acquired | Source of acquisition | Total Checkouts | Full call number | Date last seen | Copy number | Koha item type |
|---|---|---|---|---|---|---|---|---|---|---|---|---|---|---|
| Dewey Decimal Classification | Not For Loan | Non-fiction | Central Library, University of Rajshahi | Central Library, University of Rajshahi | Reading Room | 26/04/2006 | Authors | B 891.440922 CHJ 1998 | 02/05/2017 | C-1 | Books |